TB OF PHYSIOLOGY (Record no. 7956)

MARC details
000 -LEADER
fixed length control field 00304nam a2200133Ia 4500
082 ## - DEWEY DECIMAL CLASSIFICATION NUMBER
Classification number 612
Item number P 14 J
100 ## - MAIN ENTRY--PERSONAL NAME
Personal name JAIN, A.K.
245 ## - TITLE STATEMENT
Title TB OF PHYSIOLOGY
250 ## - EDITION STATEMENT
Edition statement 5 TH
260 ## - PUBLICATION, DISTRIBUTION, ETC. (IMPRINT)
Name of publisher, distributor, etc AVICHAL PUB. COMP.
Year of Publication 2014
300 ## - PAGE DESCRIPTION
No. of Pages 650
942 ## - ADDED ENTRY ELEMENTS (KOHA)
Source of classification or shelving scheme Dewey Decimal Classification
Koha item type Books
942 ## - ADDED ENTRY ELEMENTS (KOHA)
-- 41
Holdings
Withdrawn status Lost status Source of classification or shelving scheme Damaged status Not for loan Collection code Home library Current library Date acquired Vendor Name Cost, normal purchase price Volume Information (Serial or Books or Non-Book Material) SGTU Bill Number Total Checkouts Full call number Accession No. (Barcode) Date last seen Date last borrowed Bill Date Koha item type Total Renewals
    Dewey Decimal Classification     AYURVEDA SGT FA-FP Library SGT FA-FP Library 14/09/2015 ABC DELHI 640.00 1 SGTU 5567 28 612 P 14 J FA2291 10/02/2026 10/02/2026 31/03/2015 Books  
    Dewey Decimal Classification     AYURVEDA SGT FA-FP Library SGT FA-FP Library 14/09/2015 ABC DELHI 640.00 1 SGTU 5567 23 612 P 14 J FA2292 09/12/2025 08/12/2025 31/03/2015 Books  
    Dewey Decimal Classification     AYURVEDA SGT FA-FP Library SGT FA-FP Library 14/09/2015 ABC DELHI 640.00 1 SGTU 5567 26 612 P 14 J FA2293 19/12/2025 09/12/2025 31/03/2015 Books  
    Dewey Decimal Classification     AYURVEDA SGT FA-FP Library SGT FA-FP Library 14/09/2015 ABC DELHI 640.00 1 SGTU 5567 19 612 P 14 J FA2294 25/04/2026 08/04/2026 31/03/2015 Books 1
    Dewey Decimal Classification     AYURVEDA SGT FA-FP Library SGT FA-FP Library 14/09/2015 ABC DELHI 640.00 1 SGTU 5567 20 612 P 14 J FA2295 22/05/2026 22/05/2026 31/03/2015 Books  
    Dewey Decimal Classification     AYURVEDA SGT FA-FP Library SGT FA-FP Library 14/09/2015 ABC DELHI 640.00 2 SGTU 5567 5 612 P 14 J FA2296 06/06/2025 06/06/2025 31/03/2015 Books  
    Dewey Decimal Classification     AYURVEDA SGT FA-FP Library SGT FA-FP Library 14/09/2015 ABC DELHI 640.00 2 SGTU 5567 1 612 P 14 J FA2297 28/04/2026 16/04/2026 31/03/2015 Books  
    Dewey Decimal Classification     AYURVEDA SGT FA-FP Library SGT FA-FP Library 14/09/2015 ABC DELHI 640.00 2 SGTU 5567 3 612 P 14 J FA2298 20/06/2017 16/06/2017 31/03/2015 Books  
    Dewey Decimal Classification     AYURVEDA SGT FA-FP Library SGT FA-FP Library 14/09/2015 ABC DELHI 640.00 2 SGTU 5567 8 612 P 14 J FA2299 11/05/2026 04/05/2026 31/03/2015 Books  
    Dewey Decimal Classification     AYURVEDA SGT FA-FP Library SGT FA-FP Library 14/09/2015 ABC DELHI 640.00 2 SGTU 5567 4 612 P 14 J FA2300 11/05/2026 25/04/2026 31/03/2015 Books